[Event "Gibraltar Challengers Week2"]
[Site "Gibraltar"]
[Date "2007.02.01"]
[Round "5"]
[White "Vea, Odin Blikra"]
[Black "Menon, Shanker"]
[Result "1-0"]
[WhiteElo "2147"]
[BlackElo "2194"]
[PlyCount "43"]
[EventDate "2007.01.28"]
[EventType "swiss"]
[EventRounds "5"]
[EventCountry "ENG"]
[SourceTitle "EXT 2008"]
[Source "ChessBase"]
[SourceDate "2007.11.25"]
[SourceVersion "1"]
[SourceVersionDate "2007.11.25"]
[SourceQuality "1"]

1. e4 c5 2. a3 Nc6 3. b4 cxb4 4. axb4 Nxb4 5. d4 d5 6. c3 Nc6 7. exd5 Qxd5 8. Na3 Qe4+ 9. Ne2 Bg4 10. f3 Bxf3 11. gxf3 Qxf3 12. Rg1 e5 13. Bg2 Qh5 14. Qa4 e4 15. Bxe4 Nge7 16. Bf4 Qh4+ 17. Kd2 0-0-0 18. Nb5 a6 19. Na7+ Kd7 20. Nxc6 Nxc6 21. Bxc6+ bxc6 22. Bg5 1-0

[Event "Gibraltar Challengers Week2"]
[Site "Gibraltar"]
[Date "2007.01.31"]
[Round "4"]
[White "Menon, Shanker"]
[Black "Compton, Alistair"]
[Result "1-0"]
[WhiteElo "2194"]
[BlackElo "2093"]
[PlyCount "150"]
[EventDate "2007.01.28"]
[EventType "swiss"]
[EventRounds "5"]
[EventCountry "ENG"]
[SourceTitle "EXT 2008"]
[Source "ChessBase"]
[SourceDate "2007.11.25"]
[SourceVersion "1"]
[SourceVersionDate "2007.11.25"]
[SourceQuality "1"]

1. d4 e6 2. Nf3 d5 3. c4 c5 4. e3 Nc6 5. Nc3 Nf6 6. dxc5 Bxc5 7. a3 a6 8. b4 Bd6 9. cxd5 exd5 10. Bb2 0-0 11. Be2 Bg4 12. 0-0 Re8 13. h3 Bh5 14. b5 Ne5 15. Nxd5 Nxf3+ 16. Bxf3 Bxf3 17. Nxf6+ Qxf6 18. Bxf6 Bxd1 19. Rfxd1 Bf8 20. Bb2 axb5 21. Rd7 b6 22. Rc1 Bc5 23. Bd4 Rec8 24. Rb7 Bd6 25. Rxc8+ Rxc8 26. g4 Bxa3 27. Rxb6 b4 28. Bc5 h5 29. Bxb4 Bxb4 30. Rxb4 hxg4 31. hxg4 g6 32. Kg2 Kg7 33. g5 Rc5 34. f4 Rc3 35. Kf3 Ra3 36. Rb6 Rc3 37. Ke4 Rc5 38. Rd6 Ra5 39. Rd5 Ra6 40. Kd4 Ra1 41. Re5 Ra4+ 42. Kc5 Kf8 43. Kb5 Ra1 44. Kc6 Ra6+ 45. Kb7 Ra1 46. Kc7 Rd1 47. Kc6 Ra1 48. Kd6 Ra6+ 49. Kd5 Ra5+ 50. Ke4 Ra4+ 51. Kf3 Ra1 52. e4 Rf1+ 53. Ke3 Kg7 54. Rd5 Re1+ 55. Kd4 Rf1 56. Ke5 Rg1 57. Rd8 Rg2 58. Re8 Rd2 59. Rc8 Rg2 60. Rc5 Rg1 61. Kd6 Rf1 62. f5 gxf5 63. exf5 Rg1 64. f6+ Kg6 65. Ke7 Re1+ 66. Kf8 Ra1 67. Re5 Rh1 68. Kg8 Ra1 69. Re8 Ra7 70. Kh8 Rb7 71. Rg8+ Kf5 72. Kg7 Kxg5 73. Rf8 Rb6 74. Rxf7 Kf5 75. Ra7 Ke4 1-0

[Event "Gibraltar Challengers Week2"]
[Site "Gibraltar"]
[Date "2007.01.30"]
[Round "3"]
[White "Daoudi, Kamal"]
[Black "Menon, Shanker"]
[Result "1/2-1/2"]
[WhiteElo "2129"]
[BlackElo "2194"]
[PlyCount "102"]
[EventDate "2007.01.28"]
[EventType "swiss"]
[EventRounds "5"]
[EventCountry "ENG"]
[SourceTitle "EXT 2008"]
[Source "ChessBase"]
[SourceDate "2007.11.25"]
[SourceVersion "1"]
[SourceVersionDate "2007.11.25"]
[SourceQuality "1"]

1. e4 c5 2. Qh5 e6 3. f4 Nf6 4. Qf3 d5 5. d3 Nc6 6. c3 Be7 7. Ne2 b6 8. g4 dxe4 9. dxe4 g5 10. Na3 Bb7 11. Ng3 a6 12. Nc4 b5 13. fxg5 Nd7 14. Nh5 Rg8 15. Nd2 Bxg5 16. Be2 Nce5 17. Qh3 c4 18. Nf3 Nxf3+ 19. Qxf3 Ne5 20. Qh3 Bxe4 21. Rf1 Bh4+ 22. Ng3 Bd3 23. Rf4 Bxe2 24. Kxe2 Qd3+ 25. Kf2 Bg5 26. Re4 Qf3+ 27. Kg1 Qd1+ 28. Kg2 Bxc1 29. Rxe5 0-0-0 30. Ne2 Rd2 31. Qf3 Kb8 32. Kf2 h5 33. Qc6 Rd6 34. Rxb5+ axb5 35. Qxb5+ Kc7 36. Rxc1 Qd2 37. Qc5+ Rc6 38. Qxh5 Qd7 39. Qe5+ Kb7 40. Qb5+ Kc8 41. Nd4 Rc7 42. Qa6+ Kd8 43. Rd1 Ke8 44. Nxe6 Qxd1 45. Nxc7+ Kd7 46. Nb5 Qd2+ 47. Kf3 Qd5+ 48. Kf2 Rb8 49. a4 Qd2+ 50. Kf3 Qd5+ 51. Kf2 Qd2+ 1/2-1/2

[Event "Gibraltar Masters"]
[Site "Gibraltar"]
[Date "2007.01.27"]
[Round "5"]
[White "Pettersen, Joar Gullestad"]
[Black "Menon, Shanker"]
[Result "1-0"]
[WhiteElo "2032"]
[BlackElo "2194"]
[PlyCount "51"]
[EventDate "2007.01.23"]
[EventType "swiss"]
[EventRounds "9"]
[EventCountry "ENG"]
[SourceTitle "CBM 116 Extra"]
[Source "ChessBase"]
[SourceDate "2007.03.07"]
[SourceVersion "1"]
[SourceVersionDate "2007.03.07"]
[SourceQuality "1"]

1. e4 c5 2. a3 g6 3. c3 d5 4. exd5 Qxd5 5. Nf3 Nc6 6. d4 Bg4 7. Be2 Bg7 8. Be3 c4 9. Nbd2 Na5 10. 0-0 Bxf3 11. Bxf3 Qb5 12. Be2 Qc6 13. Bf3 Qd7 14. b4 cxb3 15. Nxb3 Nxb3 16. Qxb3 0-0-0 17. Rab1 b6 18. Qc4+ Qc7 19. Qa6+ Kd7 20. Qb5+ Kc8 21. Rb4 Kb8 22. Rc4 Qd7 23. Bc6 Qc7 24. Qa6 e5 25. Be4 Qd7 26. Rb1 1-0

[Event "Gibraltar Challengers Week1"]
[Site "Gibraltar"]
[Date "2007.01.24"]
[Round "2"]
[White "Vinas Guerrero, Carlos Alberto"]
[Black "Menon, Shanker"]
[Result "0-1"]
[WhiteElo "2124"]
[BlackElo "2194"]
[PlyCount "113"]
[EventDate "2007.01.23"]
[EventType "swiss"]
[EventRounds "5"]
[EventCountry "ENG"]
[SourceTitle "EXT 2008"]
[Source "ChessBase"]
[SourceDate "2007.11.25"]
[SourceVersion "1"]
[SourceVersionDate "2007.11.25"]
[SourceQuality "1"]

1. e4 c5 2. c3 d5 3. exd5 Qxd5 4. d4 Nc6 5. Nf3 Bg4 6. Be2 e6 7. h3 Bh5 8. 0-0 cxd4 9. cxd4 Bb4 10. a3 Ba5 11. Nc3 Bxc3 12. bxc3 Nge7 13. Rb1 Qd7 14. Qb3 Bxf3 15. Bxf3 b6 16. Bg5 Rc8 17. Rbc1 Na5 18. Qa2 f6 19. Bh5+ Kf8 20. Be3 Nc4 21. Be2 Qc6 22. a4 Nd5 23. Bf3 Kf7 24. Qb3 a6 25. Rc2 Rhd8 26. Bc1 Rd7 27. Rd1 Rb7 28. Qa2 b5 29. axb5 Rxb5 30. Be2 a5 31. Bxc4 Qxc4 32. Qxc4 Rxc4 33. Bd2 a4 34. Ra1 Rb3 35. Rca2 Nb6 36. Ra3 Rb2 37. R1a2 Rb1+ 38. Kh2 Ke7 39. Ra1 Rb2 40. R1a2 Rb5 41. Kg3 Kd6 42. Kf3 Kd5 43. Ke2 Rc7 44. Bf4 Ra7 45. Bb8 Rb7 46. Bf4 Kc4 47. Bd6 Rb3 48. Bb4 Kb5 49. Bc5 Rxa3 50. Rxa3 Nc4 51. Ra2 Rb8 52. Kd3 Ra8 53. Ba3 Na5 54. Rb2+ Nb3 55. Re2 Re8 56. d5 e5 57. f4 0-1

[Event "Aegean op 24th"]
[Site "Aghios Kirykos"]
[Date "2001.07.07"]
[Round "1"]
[White "Menon, Shanker"]
[Black "Potapov, Alexander"]
[Result "0-1"]
[WhiteElo "2197"]
[BlackElo "2505"]
[PlyCount "78"]
[EventDate "2001.07.07"]
[EventType "swiss"]
[EventRounds "9"]
[EventCountry "GRE"]
[SourceTitle "EXT 2002"]
[Source "ChessBase"]
[SourceDate "2001.11.25"]
[SourceVersion "1"]
[SourceVersionDate "2001.11.25"]
[SourceQuality "1"]

1. e4 e5 2. Nf3 Nc6 3. Bb5 a6 4. Bxc6 dxc6 5. 0-0 f6 6. d4 exd4 7. Qxd4 Qxd4 8. Nxd4 Bd7 9. Nc3 0-0-0 10. Be3 c5 11. Nde2 Re8 12. Rae1 b6 13. Bf4 Ne7 14. f3 Bc6 15. Bg3 Ng6 16. Nd5 Bxd5 17. exd5 c4 18. a3 Bc5+ 19. Bf2 Bd6 20. Bg3 Kd7 21. Nc3 f5 22. Bxd6 Kxd6 23. Kf2 b5 24. g3 Ne5 25. Re2 Re7 26. Rfe1 Rhe8 27. h3 Ng6 28. Rxe7 Rxe7 29. Rxe7 Nxe7 30. Ke3 Nxd5+ 31. Nxd5 Kxd5 32. c3 Ke5 33. f4+ Kd5 34. h4 h5 35. Kf3 Kd6 36. Ke2 Kc6 37. Ke3 Kc5 38. Kd2 Kb6 39. Ke3 c5 0-1

[Event "BCF-chT3b 0001 (4NCL)"]
[Site "Birmingham"]
[Date "2000.11.26"]
[Round "4.1"]
[White "Greet, Andrew"]
[Black "Menon, Shanker"]
[Result "1/2-1/2"]
[WhiteElo "2238"]
[BlackElo "2181"]
[PlyCount "48"]
[EventDate "2000.11.26"]
[EventType "team-tourn"]
[EventRounds "7"]
[EventCountry "ENG"]
[SourceTitle "EXT 2002"]
[Source "ChessBase"]
[SourceDate "2001.11.25"]
[SourceVersion "1"]
[SourceVersionDate "2001.11.25"]
[SourceQuality "1"]
[WhiteTeam "Southern Counties Stars"]
[BlackTeam "Athenaeum"]
[WhiteTeamCountry "ENG"]
[BlackTeamCountry "ENG"]

1. e4 c5 2. Nc3 Nc6 3. f4 g6 4. Nf3 Bg7 5. a3 d6 6. Bc4 e6 7. 0-0 Nge7 8. d3 0-0 9. Qe1 Nd4 10. Nxd4 cxd4 11. Ne2 d5 12. Ba2 dxe4 13. dxe4 Bd7 14. Ng3 Rc8 15. Rf2 Qb6 16. Bb3 Nc6 17. e5 Na5 18. Ba2 Nc4 19. Ne4 Ne3 20. Bb3 Ng4 21. Rf3 d3+ 22. Be3 Nxe3 23. Qxe3 dxc2 24. Rc1 Bc6 1/2-1/2

[Event "Smith & Williamson YM 10th"]
[Site "Witley"]
[Date "2000.07.22"]
[Round "9"]
[White "Greet, Andrew"]
[Black "Menon, Shanker"]
[Result "1-0"]
[WhiteElo "2266"]
[BlackElo "2237"]
[PlyCount "83"]
[EventDate "2000.07.14"]
[EventType "swiss"]
[EventRounds "9"]
[EventCountry "ENG"]
[SourceTitle "CBM 077 Extra"]
[Source "ChessBase"]
[SourceDate "2000.09.14"]
[SourceVersion "1"]
[SourceVersionDate "2000.09.14"]
[SourceQuality "1"]

1. e4 c5 2. Nf3 g6 3. g3 Bg7 4. Bg2 Nc6 5. 0-0 e6 6. c3 Nge7 7. d4 cxd4 8. cxd4 d5 9. e5 0-0 10. Nc3 f6 11. exf6 Bxf6 12. b3 Nf5 13. Ne2 Qb6 14. Bb2 Bd7 15. Qd2 Rac8 16. Rad1 Rfe8 17. Rfe1 Bg7 18. h4 Bh6 19. Ng5 Nd8 20. Nf4 Nf7 21. Nd3 Qd8 22. Nxf7 Bxd2 23. Nxd8 Bxe1 24. Nxb7 Bc3 25. g4 Bxb2 26. gxf5 Ba3 27. Nbc5 Bc6 28. fxe6 Kg7 29. b4 Rb8 30. Rb1 a5 31. Ne5 Ba8 32. b5 Bb4 33. a4 Rbc8 34. Ned7 Rcd8 35. Bh3 Re7 36. Rb3 Kh6 37. Bg4 Kg7 38. Kh2 h6 39. f4 Rc8 40. h5 gxh5 41. Bh3 Bd2 42. f5 1-0

[Event "Smith & Williamson YM 10th"]
[Site "Witley"]
[Date "2000.07.14"]
[Round "1"]
[White "Williams, Simon Kim"]
[Black "Menon, Shanker"]
[Result "1-0"]
[WhiteElo "2353"]
[BlackElo "2237"]
[PlyCount "69"]
[EventDate "2000.07.14"]
[EventType "swiss"]
[EventRounds "9"]
[EventCountry "ENG"]
[SourceTitle "CBM 077 Extra"]
[Source "ChessBase"]
[SourceDate "2000.09.14"]
[SourceVersion "1"]
[SourceVersionDate "2000.09.14"]
[SourceQuality "1"]

1. c4 e6 2. Nc3 d5 3. d4 Nf6 4. cxd5 exd5 5. Bg5 c6 6. e3 Bf5 7. Qf3 Bg6 8. Bxf6 Qxf6 9. Qxf6 gxf6 10. h4 Bd6 11. h5 Bf5 12. Nf3 Nd7 13. Nh4 Be6 14. Bd3 0-0-0 15. Ke2 Rdg8 16. Nf5 Bf8 17. Rhg1 Nb6 18. b3 Kd8 19. g4 Nc8 20. f4 Bb4 21. Na4 Bxf5 22. Bxf5 h6 23. a3 Be7 24. Bxc8 Kxc8 25. Kf3 Re8 26. Nc3 Kd7 27. b4 Ke6 28. Rae1 f5 29. gxf5+ Kxf5 30. e4+ dxe4+ 31. Nxe4 Rhg8 32. Ng3+ Kf6 33. Re5 Rxg3+ 34. Rxg3 Rd8 35. Ke4 1-0

[Event "Glorney Cup U20"]
[Site "Bruges"]
[Date "1999.07.30"]
[Round "5"]
[White "Menon, Shanker"]
[Black "Vaculik, Martin"]
[Result "1-0"]
[WhiteElo "2163"]
[BlackElo "2150"]
[PlyCount "65"]
[EventDate "1999.07.26"]
[EventType "team"]
[EventRounds "5"]
[EventCountry "BEL"]
[SourceTitle "EXT 2000"]
[Source "ChessBase"]
[SourceDate "1999.11.16"]
[SourceVersion "1"]
[SourceVersionDate "1999.11.16"]
[SourceQuality "1"]

1. Nf3 d5 2. c4 e6 3. e3 Nf6 4. b3 Be7 5. Bb2 0-0 6. Be2 dxc4 7. bxc4 b6 8. 0-0 Bb7 9. d4 Nbd7 10. Nc3 Rc8 11. Qa4 a6 12. Rfd1 c6 13. Qc2 Qc7 14. e4 Rfd8 15. Bd3 g6 16. a4 a5 17. Qe2 Nb8 18. Rac1 Na6 19. e5 Nh5 20. d5 Nf4 21. Qf1 Nxd3 22. Rxd3 cxd5 23. cxd5 Qd7 24. d6 Bf8 25. Ng5 Nc5 26. Rd4 Bg7 27. Rf4 h6 28. Rxf7 Qe8 29. Rxb7 Qc6 30. Nxe6 Bxe5 31. Nxd8 Bxh2+ 32. Kxh2 Qxd6+ 33. Kg1 1-0

[Event "Hampstead Rated 3rd"]
[Site "Hampstead"]
[Date "1998.08.16"]
[Round "2"]
[White "Menon, Shanker"]
[Black "Shevelev, Ilya"]
[Result "1-0"]
[WhiteElo "2170"]
[BlackElo "1880"]
[PlyCount "107"]
[EventDate "1998.08.15"]
[EventType "swiss"]
[EventRounds "9"]
[EventCountry "ENG"]
[SourceTitle "EXT 1999"]
[Source "ChessBase"]
[SourceDate "1998.11.16"]
[SourceVersion "1"]
[SourceVersionDate "1998.11.16"]
[SourceQuality "1"]

1. e4 c5 2. Nf3 d6 3. d4 cxd4 4. Nxd4 Nf6 5. Nc3 g6 6. Be3 Bg7 7. f3 Nc6 8. Qd2 0-0 9. 0-0-0 d5 10. Kb1 Nxd4 11. e5 Nf5 12. exf6 Bxf6 13. Nxd5 Bd4 14. Nf6+ exf6 15. Bxd4 Nxd4 16. Qxd4 Bf5 17. Qxd8 Rfxd8 18. Be2 Re8 19. Rhe1 Rac8 20. Rd2 h5 21. Kc1 Rc5 22. Kd1 Rce5 23. Rf1 h4 24. Bd3 h3 25. g3 Be6 26. a3 Bd5 27. Re2 Kg7 28. Kd2 f5 29. Rxe5 Rxe5 30. Rf2 Re8 31. Bf1 Rh8 32. c4 Bc6 33. b4 b6 34. f4 f6 35. Kc3 Be4 36. Rd2 Bg2 37. Bxg2 hxg2 38. Rxg2 Kf7 39. Re2 Rd8 40. Rd2 Rxd2 41. Kxd2 Ke6 42. Kc3 Kd6 43. Kd4 a6 44. a4 Kc7 45. Kd5 Kd7 46. c5 bxc5 47. bxc5 Kc7 48. c6 Kc8 49. Kd6 Kd8 50. c7+ Kc8 51. a5 g5 52. h4 gxh4 53. gxh4 Kb7 54. h5 1-0